Poistenie: špecifický sektor v čom sa poisťovne odlišujú od bánk

Základné činnosti poisťovní a bánk. Odlišné obchodné modely a rizikové profily. Rada pre finančnú stabilitu (FSB) a Medzinárodná asociácia inštitúcií pre dohľad nad poisťovníctvom (IAIS). Odporúčania CEA (Európska federácia asociácií poisťovní a zaisťovní).

Saved in:
Bibliographic Details
Format: Book Chapter
Language:Slovak
Subjects:
Tags: Add Tag
No Tags, Be the first to tag this record!

MARC

LEADER 00000naa$a2200000$$$4500
001 0116634
005 20231107122615.5
041 0 |a slo 
044 |a SK 
245 1 0 |a Poistenie: špecifický sektor  |b v čom sa poisťovne odlišujú od bánk 
520 |a Základné činnosti poisťovní a bánk. Odlišné obchodné modely a rizikové profily. Rada pre finančnú stabilitu (FSB) a Medzinárodná asociácia inštitúcií pre dohľad nad poisťovníctvom (IAIS). Odporúčania CEA (Európska federácia asociácií poisťovní a zaisťovní). 
610 2 0 |a poisťovne 
610 2 0 |a poisťovníctvo 
610 2 0 |a banky 
610 2 0 |a bankovníctvo 
610 2 0 |a stratégia investičná 
610 2 0 |a riziko poistné 
610 2 0 |a riziko bankové 
610 2 0 |a kapitalizácia 
610 2 0 |a regulácia 
610 2 0 |a portfólio 
610 2 0 |a likvidita 
610 2 0 |a volatilita